000 01140nam a2200301Ia 4500
001 ebr10329967
003 CaPaEBR
006 m u
007 cr cn|||||||||
008 090130s2009 nyu sb 001 0 eng d
010 _z 2009002788
020 _z9781847062284 (hardcover)
040 _aCaPaEBR
_cCaPaEBR
035 _a(OCoLC)646829213
050 1 4 _aHM651
_b.M66 2009eb
082 0 4 _a306.43
_222
100 1 _aMoore, Rob,
_d1946-
245 1 0 _aTowards the sociology of truth
_h[electronic resource] /
_cRob Moore.
260 _aNew York :
_bContinuum International Pub. Group,
_cc2009.
300 _a168 p.
504 _aIncludes bibliographical references and index.
533 _aElectronic reproduction.
_bPalo Alto, Calif. :
_cebrary,
_d2009.
_nAvailable via World Wide Web.
_nAccess may be limited to ebrary affiliated libraries.
650 0 _aKnowledge, Sociology of.
650 0 _aEducational sociology.
655 7 _aElectronic books.
_2local
710 2 _aebrary, Inc.
856 4 0 _uhttp://site.ebrary.com/lib/rucke/Doc?id=10329967
_zAn electronic book accessible through the World Wide Web; click to view
999 _c157663
_d157663